Responses for Show #8652 - Tuesday, May 31, 2022

Ryan Long game 13.

Contestants

[<< previous game]

Carissa Faroughi, an architect from Falls Church, Virginia

Kenny Liew, a software engineer originally from Los Angeles, California

Ryan Long, a rideshare driver from Philadelphia, Pennsylvania (whose 12-day cash winnings total $226,300)

[next game >>]

Jeopardy! Round responses

WORD PUZZLES
MAYORS
BOOK OF THE YEAR
WOOD
SEND A LETTER
MUSICIANS SELLING MUSIC
    $200 21
neon lights

Ryan
    $200 26
(Michael) Bloomberg

Ryan
    $200 6
King Lear

Ryan
    $200 25
mahogany

Carissa
    $200 16
epistles

Triple Stumper
    $200 15
(Mayim: You just ran that category.)
[Applause]

Bruce Springsteen

Ryan
    $400 17
I overslept

Kenny
    $400 27
(Mayim: Less than a minute.)

Boston

Triple Stumper
    $400 2
Elizabeth I

Ryan
    $400 1
(Carissa: What is oak?)
(Ryan: What is a redwood?)

old hickory

RyanCarissa
Triple Stumper
    $400 7
(Kenny: What is request?)

a query letter

Kenny
Triple Stumper
    $400 11
Stevie Nicks

Ryan
    $600 18
half-hearted

Ryan
    $2,000 28
Bernie Sanders

Ryan
    $600 3
1985

Triple Stumper
    $600 22
the Spruce Goose

Ryan
    $600 8
(letters of) recommendations

Carissa
    $600 12
"A Horse With No Name"

Ryan
    $800 19
Six Feet Under

Kenny
    $800 29
San Francisco

Kenny
    $800 4
'42

Triple Stumper
    $800 23
the wagon tongue

Triple Stumper
    $800 9
a chain letter

Ryan
    $800 13
Bob Dylan

Ryan
    $1000 20
"What goes up, must come down"

Ryan
    $1000 30
Lori Lightfoot

Triple Stumper
    $1000 5
Andre

Triple Stumper
    $1000 24
rosewood

Ryan
    $1000 10
(Carissa: What is privateering?)
[Accepted as correct; reversed to incorrect response after the break]

piracy

Carissa
Triple Stumper
    $1000 14
Luther Vandross

Ryan

Scores at the first commercial break (after clue 15):

Ryan Kenny Carissa
$4,000 -$400 -$800

Scores at the end of the Jeopardy! Round:

Ryan Kenny Carissa
$9,600 $1,600 -$600

Double Jeopardy! Round responses

MEDIEVAL TIMES
IT ONLY BORDERS ONE COUNTRY
SCIENCE
IT'S A FLAT-OUT FACT
SNL CAST MEMBERS ON FILM
GOING "PRO"
(Mayim: Those three letters begin each response.)
    $400 24
archery

Ryan
    $400 1
the Atlantic

Carissa
    $400 29
jet stream

Carissa
    $400 25
arches

Carissa
    $400 22
(Mayim: You ran that category, well done.)
[Applause]

Eddie Murphy

Ryan
    $400 30
a protagonist

Ryan
    $800 15
Gothic

Ryan
    $800 2
Portugal

Kenny
    $800 3
a protein

Triple Stumper
    $800 5
matzah

Kenny
    $800 18
Adam Sandler

Ryan
    $800 11
proactive

Carissa
    $1200 16
a year and a day

Ryan
    $1,200 26
Vatican City

Carissa
    $1200 4
E. coli

Ryan
    $1200 7
Steinbeck

Ryan
    $1200 19
Bill Murray

Ryan
    $1200 12
provost

Carissa
    $2,000 17
the Mongols

Ryan
    $1600 27
(Carissa: What is Indonesia?)
(Ryan: What is Sumatra?)

Malaysia

RyanCarissa
Triple Stumper
    $1600 6
uranium

Ryan
    $1600 8
Bonneville

Kenny
    $1600 20
David Spade

Ryan
    $1600 13
protozoa

Ryan
    $2000 23
Occam's razor

Ryan
    $2000 28
East Timor

Carissa
    $2000 9
superconductivity

Ryan
    $2000 10
the Flathead

Triple Stumper
    $2000 21
Kate McKinnon

Ryan
    $2000 14
the proletariat

Kenny

Scores at the end of the Double Jeopardy! Round:

Ryan Kenny Carissa
$28,400 $6,800 $4,200
(lock game)

[wagering suggestions for these scores]

Final Jeopardy! Round responses

NOVEL QUOTES
(Mayim: [To Kenny] From Catcher in the Rye.)
CarissaWho is Emma?
$4,100
KennyWho is Holden Caulfield?
$1,601
RyanWho is Ted Cruz?
$2,000
Holden Caulfield

Final scores:

Ryan Kenny Carissa
$26,400 $8,401 $100
13-day champion: $252,700 2nd place: $2,000 3rd place: $1,000

Game dynamics:

Coryat scores:

Ryan Kenny Carissa
$26,600 $6,800 $4,200
31 R
(including 2 DDs),
2 W
7 R,
1 W
9 R
(including 1 DD),
3 W

Combined Coryat: $37,600

[game clues] [game scores] [suggest correction]

Game tape date: 2022-04-01
The J! Archive is created by fans, for fans. Scraping, republication, monetization, and malicious use prohibited; this site may use cookies and collect identifying information. See terms. The Jeopardy! game show and all elements thereof, including but not limited to copyright and trademark thereto, are the property of Jeopardy Productions, Inc. and are protected under law. This website is not affiliated with, sponsored by, or operated by Jeopardy Productions, Inc. Join the discussion at JBoard.tv.